Do 700-riččja prohološennja Kafy holovnoju henuezʹkoju kolonijeju v Krymu

Titel: Do 700-riččja prohološennja Kafy holovnoju henuezʹkoju kolonijeju v Krymu / red. kol. H. Papakin (holova) ta in.
Beteiligt:
Körperschaft:
Veröffentlicht: Kyïv : Instytut ukraïnsʹkoï archeohrafiï ta džereloznavstva imeni M.S. Hruševsʹkoho, 2017
Umfang: 238 Seiten : Illustrationen, Karten
Format: Buch
Sprache: Ukrainisch
Schriftenreihe/
mehrbändiges Werk:
Наш Крим = Our Crimea = Bizim Qirimimiz ; Band 3
Schlagworte:
Kein Bild verfügbar
X
alg: 47541060
001A    $03004:03-02-21 
001B    $01999:20-07-21 $t11:36:05.000 
001D    $03004:03-02-21 
001U    $0utf8 
001X    $00 
002@    $0Aau 
002C    $aText $btxt $2rdacontent 
002D    $aohne Hilfsmittel zu benutzen $bn $2rdamedia 
002E    $aBand $bnc $2rdacarrier 
003@    $0475410602 
003O    $01236022853 $aOCoLC 
007A    $0475410602 $aHEB 
007G    $0DE0206EC57233F2445BD1C1258717002FE21C 
009P    $qapplication/pdf $A2 $3Inhaltsverzeichnis $uhttp://scans.hebis.de/HEBCGI/show.pl?47541060_toc.pdf $mV:DE-603;B:DE-Mb50 
010@    $aukr 
010E    $erda 
011@    $a2017 
021A    $aDo 700-riččja prohološennja Kafy holovnoju henuezʹkoju kolonijeju v Krymu $T01 $ULatn $hred. kol. H. Papakin (holova) ta in. 
021A    $aДо 700-річчя проголошення Кафи головною генуезькою колонією в Криму $T01 $UCyrl $hред. кол. Г. Папакин (голова) та ин. 
028C    $BHerausgeber $#Papakin, Georgii Vladimirovich $#Papakin, Georgij Vladimirovič $#Papakin, Georgij $#Papakin, G. V. $#Papakin, Heorhii Volodymyrovych $#Papakin, Heorhij V. $#Papakin, H. V. $#Papakin, Heorhij $#Papakin, H. $#Papakin, Heorhii $4edt $71159221839 $8Papakin, Heorhij Volodymyrovyč$Z1953- [Tp3] $9430987226 
029A    $8Mižnarodna naukova konferencija "Krym v istoriï Ukraïny", do 700-liččja prohološennja Kafy holovnoju henuezʹkoju kolonijeju v Krymu$d2016$cKiew [Tf1] $9475423801 
033A    $pKyïv $T01 $ULatn $nInstytut ukraïnsʹkoï archeohrafiï ta džereloznavstva imeni M.S. Hruševsʹkoho 
033A    $pКиїв $T01 $UCyrl $nІнститут української археографії та джерелознавства імені М.С. Грушевського 
034D    $a238 Seiten 
034M    $aIllustrationen, Karten 
036E    $aNaš Krym = Our Crimea = Bizim Qirimimiz $T01 $ULatn $x2522-4654 $lBand 3 
036E    $aНаш Крим = Our Crimea = Bizim Qirimimiz $T01 $UCyrl $x2522-4654 $lBand 3 
044K    $#Krim $#Krym $#Chersones Krim, Halbinsel $#Chersonesos Krim, Halbinsel $#Taurische Chersones $#Skythische Chersones $#Taurischer Chersones $#Skythischer Chersones $#Taurien $#Tawrija $#Tavrija $#Tawrida $#Tavrida $#Qırım $#Kırım $74033166-0 $8Krim [Tg1] $9085088617 
044K    $RTataren $#Crimean Tatars $#Tatars de Crimée $74266559-0 $8Krimtataren [Ts1] $9086424092 
044K    $RUkrainische SSR $#Ukraine $#Ukraine $#Украïна $#Ukrainische SSR $#Ukrajina $#Ukraina $#Ukrai͏̈na Ukraine $#Ukraina Ukraine $#Ukrajna $74061496-7 $8Ukraine [Tgz] $9085170801 
044K    $RKommunismus $REntstalinisierung $#Stalinisme $#Stalinismus $74056883-0 $8Stalinismus [Ts1] $9085158437 
045F    $a909 $eDDC23BSB 
045F/01 $a909 
045F/03 $g477 
045R    $aGeschichte 1200-1965 
046L    $aText ukrainisch; kyrillische Schrift ; Zusammenfassungen in englischer Sprache 

lok: 47541060 24

exp: 47541060 24 1 #EPN
201B/01 $015-04-21 $t15:10:26.000 
201C/01 $003-02-21 
201U/01 $0utf8 
203@/01 $01139157698 
208@/01 $a03-02-21 $bz 
209A/01 $a21.00294 $du $f050 $h21 00294 $x00 
209C/01 $a21.00294 K $h21 00294 K 
209G/01 $a74385257 $x00 
220C/01 $ajwa 
247C/01 $8358050-7 Marburg, Bibliothek des Herder-Instituts Marburg $9102600961
LEADER 00000cam a2200000 c 4500
001 475410602
003 DE-603
005 20210720113605.0
007 tu
008 210203s2017 xx |||| | u00||u|ukr c
035 |a (DE-599)HEB475410602 
035 |a (OCoLC)1236022853 
040 |a DE-603  |b ger  |c DE-603  |d DE-603  |e rda 
041 |a ukr 
082 0 4 |8 1\u  |a 909  |q DE-101  |2 23/BSB 
085 |8 1\u  |b 909 
085 |8 1\u  |z 2  |s 477 
111 2 |a Mižnarodna naukova konferencija "Krym v istoriï Ukraïny", do 700-liččja prohološennja Kafy holovnoju henuezʹkoju kolonijeju v Krymu  |d 2016  |c Kiew  |0 (DE-603)475423801  |0 (DE-588)1226330754  |2 gnd 
245 0 0 |6 880-01/Latn  |a Do 700-riččja prohološennja Kafy holovnoju henuezʹkoju kolonijeju v Krymu  |c red. kol. H. Papakin (holova) ta in. 
264 1 |6 880-02/Latn  |a Kyïv  |b Instytut ukraïnsʹkoï archeohrafiï ta džereloznavstva imeni M.S. Hruševsʹkoho  |c 2017 
300 |a 238 Seiten  |b Illustrationen, Karten 
336 |a Text  |b txt  |2 rdacontent 
337 |a ohne Hilfsmittel zu benutzen  |b n  |2 rdamedia 
338 |a Band  |b nc  |2 rdacarrier 
490 0 |6 880-03/Latn  |a Naš Krym = Our Crimea = Bizim Qirimimiz  |x 2522-4654  |v Band 3 
546 |a Text ukrainisch; kyrillische Schrift ; Zusammenfassungen in englischer Sprache 
648 7 |a Geschichte 1200-1965  |2 gnd 
650 7 |a Krimtataren  |0 (DE-588)4266559-0  |0 (DE-603)086424092  |2 gnd 
650 7 |a Stalinismus  |0 (DE-588)4056883-0  |0 (DE-603)085158437  |2 gnd 
651 7 |a Krim  |0 (DE-588)4033166-0  |0 (DE-603)085088617  |2 gnd 
651 7 |a Ukraine  |0 (DE-588)4061496-7  |0 (DE-603)085170801  |2 gnd 
700 1 |a Papakin, Heorhij Volodymyrovyč  |d 1953-  |e Herausgeber  |4 edt  |0 (DE-603)430987226  |0 (DE-588)1159221839  |2 gnd 
856 4 2 |m V:DE-603;B:DE-Mb50  |q application/pdf  |u http://scans.hebis.de/HEBCGI/show.pl?47541060_toc.pdf  |3 Inhaltsverzeichnis 
880 1 |6 264-02/Cyrl  |a Київ  |b Інститут української археографії та джерелознавства імені М.С. Грушевського  |c 2017 
880 0 |6 490-03/Cyrl  |a Наш Крим = Our Crimea = Bizim Qirimimiz  |x 2522-4654  |v Band 3 
880 0 0 |6 245-01/Cyrl  |a До 700-річчя проголошення Кафи головною генуезькою колонією в Криму  |c ред. кол. Г. Папакин (голова) та ин. 
924 0 |9 Mb 50  |a (DE-603)1139157698  |b DE-Mb50  |c HES  |d c  |g 21.00294